NFL Draft 2021 Quarterbacks Drafted - Statistics

General Stats
  • This quiz has been taken 61 times
  • The average score is 7 of 10
Answer Stats
Round Player Team College % Correct
1 Trevor Lawrence Jaguars Clemson
100%
1 Justin Fields Bears Ohio State
96%
1 Mac Jones Patriots Alabama
96%
1 Zach Wilson Jets Brigham Young
89%
1 Trey Lance 49ers North Dakota State
87%
3 Davis Mills Texans Stanford
72%
2 Kyle Trask Buccaneers Florida
58%
4 Ian Book Saints Notre Dame
47%
6 Sam Ehlinger Colts Texas
45%
3 Kellen Mond Vikings Texas A&M
40%
No matching quizzes found
Score Distribution
Percent of People with Each Score
Percentile by Number Answered
Your Score History
You have not taken this quiz